[Event "DEM U16 2017"]
[Site "Willingen GER"]
[Date "2017.06.10"]
[Round "9"]
[White "Zienert, Richard"]
[Black "Poghosyan, Tigran"]
[Result "1-0"]
[Termination "normal"]
[Board "5"]
[WhiteElo "2261"]
[BlackElo "2207"]
[WhiteClock "00:21:16"]
[BlackClock "00:01:26"]
[PlyCount "87"]
[WhiteFideId "12945986"]
[BlackFideId "12909319"]
[EventCountry "GER"]
[EventRounds "9"]
[EventType "swiss"]
[EventDate "2017.06.03"]

1. e4 {[%clk 1:30:58]} 1... c5 {[%clk 1:26:39]} 2. Nf3 {[%clk 1:31:06]} 2... d6
{[%clk 1:27:08]} 3. d4 {[%clk 1:31:30]} 3... cxd4 {[%clk 1:27:33]} 4. Nxd4 {
[%clk 1:31:54]} 4... Nf6 {[%clk 1:27:59]} 5. Nc3 {[%clk 1:32:21]} 5... a6 {
[%clk 1:28:25]} 6. Bg5 {[%clk 1:32:46]} 6... Nbd7 {[%clk 1:28:51]} 7. f4 {
[%clk 1:32:44]} 7... Qc7 {[%clk 1:29:15]} 8. Qe2 {[%clk 1:32:28]} 8... e6 {
[%clk 1:29:36]} 9. O-O-O {[%clk 1:32:47]} 9... b5 {[%clk 1:29:54]} 10. a3 {
[%clk 1:32:51]} 10... Be7 {[%clk 1:30:15]} 11. g4 {[%clk 1:33:15]} 11... Rb8 {
[%clk 1:30:20]} 12. Bh4 {[%clk 1:30:32]} 12... Nb6 {[%clk 1:17:12]} 13. Bg2 {
[%clk 1:18:08]} 13... Bb7 {[%clk 1:15:25]} 14. g5 {[%clk 1:18:13]} 14... Nfd7 {
[%clk 1:15:29]} 15. f5 {[%clk 1:18:07]} 15... e5 {[%clk 1:13:06]} 16. Nf3 {
[%clk 1:13:48]} 16... Nc4 {[%clk 0:55:27]} 17. f6 {[%clk 1:13:33]} 17... gxf6 {
[%clk 0:53:56]} 18. gxf6 {[%clk 1:13:58]} 18... Nxf6 {[%clk 0:33:23]} 19. Rhf1
{[%clk 1:10:05]} 19... Qd8 {[%clk 0:27:11]} 20. Bh3 {[%clk 1:00:03]} 20... h6 {
[%clk 0:14:09]} 21. Nd2 {[%clk 0:52:55]} 21... Nxd2 {[%clk 0:11:02]} 22. Rxd2 {
[%clk 0:53:06]} 22... Nd5 {[%clk 0:05:59]} 23. Rxf7 {[%clk 0:39:10]} 23... Kxf7
{[%clk 0:01:41]} 24. Qh5+ {[%clk 0:39:34]} 24... Kf8 {[%clk 0:00:53]} 25. Be6 {
[%clk 0:36:50]} 25... Rh7 {[%clk 0:00:48]} 26. Rg2 {[%clk 0:31:18]} 26... Bxh4
{[%clk 0:00:41]} 27. Rg8+ {[%clk 0:31:24]} 27... Ke7 {[%clk 0:01:11]} 28. Qxh4+
{[%clk 0:25:10]} 28... Nf6 {[%clk 0:01:34]} 29. Rxd8 {[%clk 0:25:33]} 29...
Rxd8 {[%clk 0:02:02]} 30. Bd5 {[%clk 0:25:37]} 30... Bc8 {[%clk 0:02:27]} 31.
Bg8 {[%clk 0:25:47]} 31... Rxg8 {[%clk 0:01:26]} 32. Nd5+ {[%clk 0:26:13]}
32... Kf7 {[%clk 0:01:00]} 33. Qxf6+ {[%clk 0:25:50]} 33... Ke8 {[%clk 0:01:30]
} 34. Qxd6 {[%clk 0:25:28]} 34... Rg1+ {[%clk 0:01:27]} 35. Kd2 {[%clk 0:25:54]
} 35... Rhg7 {[%clk 0:01:40]} 36. Qxe5+ {[%clk 0:24:34]} 36... Kd8 { [%clk
0:01:03]} 37. Qd6+ {[%clk 0:23:36]} 37... Ke8 {[%clk 0:01:15]} 38. Qxh6 { [%clk
0:21:49]} 38... Bb7 {[%clk 0:00:56]} 39. Qe6+ {[%clk 0:21:05]} 39... Kd8 {[%clk
0:01:07]} 40. Qd6+ {[%clk 0:21:11]} 40... Ke8 {[%clk 0:01:24]} 41. Qb8+ {[%clk
0:21:25]} 41... Kf7 {[%clk 0:01:27]} 42. Qxb7+ {[%clk 0:21:48]} 42... Kg6
{[%clk 0:01:45]} 43. Qb6+ {[%clk 0:21:16]} 43... Kh5 {[%clk 0:01:26]} 44. Nf4+
1-0

[Event "DEM U16 2017"]
[Site "Willingen GER"]
[Date "2017.06.10"]
[Round "9"]
[White "Fieberg, Samuel"]
[Black "Stein, Robert"]
[Result "1/2-1/2"]
[Termination "normal"]
[Board "6"]
[WhiteElo "2221"]
[BlackElo "2169"]
[WhiteClock "00:05:47"]
[BlackClock "00:05:35"]
[PlyCount "159"]
[WhiteFideId "12901717"]
[BlackFideId "12921084"]
[EventCountry "GER"]
[EventRounds "9"]
[EventType "swiss"]
[EventDate "2017.06.03"]

1. e4 {[%clk 1:30:59]} 1... c6 {[%clk 1:30:48]} 2. d4 {[%clk 1:31:24]} 2... d5
{[%clk 1:31:14]} 3. e5 {[%clk 1:31:50]} 3... Bf5 {[%clk 1:31:35]} 4. Nf3 {
[%clk 1:32:15]} 4... e6 {[%clk 1:31:52]} 5. Be2 {[%clk 1:32:41]} 5... c5 {
[%clk 1:32:14]} 6. Be3 {[%clk 1:33:05]} 6... cxd4 {[%clk 1:31:36]} 7. Nxd4 {
[%clk 1:33:30]} 7... Ne7 {[%clk 1:32:00]} 8. O-O {[%clk 1:33:55]} 8... Nbc6 {
[%clk 1:29:42]} 9. Bb5 {[%clk 1:33:33]} 9... Bg6 {[%clk 1:17:04]} 10. c4 {
[%clk 1:31:04]} 10... a6 {[%clk 1:12:11]} 11. Bxc6+ {[%clk 1:21:20]} 11... Nxc6
{[%clk 1:08:45]} 12. Nxc6 {[%clk 1:21:10]} 12... bxc6 {[%clk 1:09:09]} 13. Qa4
{[%clk 1:21:35]} 13... Qd7 {[%clk 1:08:22]} 14. Rd1 {[%clk 1:21:54]} 14... Be7
{[%clk 1:00:22]} 15. Nc3 {[%clk 1:22:03]} 15... Rb8 {[%clk 0:58:07]} 16. Qxa6 {
[%clk 1:17:45]} 16... O-O {[%clk 0:49:25]} 17. b3 {[%clk 1:05:37]} 17... Ra8 {
[%clk 0:42:58]} 18. Qb6 {[%clk 1:05:57]} 18... Ba3 {[%clk 0:30:35]} 19. Bc1 {
[%clk 1:02:17]} 19... Rfb8 {[%clk 0:25:12]} 20. Qe3 {[%clk 1:02:27]} 20... Bb4
{[%clk 0:24:23]} 21. Bb2 {[%clk 0:57:10]} 21... Qe7 {[%clk 0:20:08]} 22. cxd5 {
[%clk 0:54:15]} 22... cxd5 {[%clk 0:19:20]} 23. Na4 {[%clk 0:54:29]} 23... h6 {
[%clk 0:19:03]} 24. Bd4 {[%clk 0:52:36]} 24... Ba5 {[%clk 0:18:44]} 25. a3 {
[%clk 0:52:25]} 25... Bc2 {[%clk 0:18:33]} 26. Rdc1 {[%clk 0:23:29]} 26... Rxb3
{[%clk 0:16:55]} 27. Qe2 {[%clk 0:23:37]} 27... Bg6 {[%clk 0:16:51]} 28. Nc5 {
[%clk 0:19:36]} 28... Rbb8 {[%clk 0:16:43]} 29. Qe3 {[%clk 0:18:59]} 29... Qe8
{[%clk 0:15:26]} 30. a4 {[%clk 0:17:25]} 30... Bb4 {[%clk 0:14:23]} 31. h3 {
[%clk 0:13:51]} 31... Bxc5 {[%clk 0:14:39]} 32. Rxc5 {[%clk 0:14:14]} 32...
Rxa4 {[%clk 0:15:02]} 33. Rac1 {[%clk 0:14:39]} 33... Rab4 {[%clk 0:10:59]} 34.
Kh2 {[%clk 0:13:10]} 34... Kh7 {[%clk 0:11:06]} 35. Rc6 {[%clk 0:11:07]} 35...
Qd8 {[%clk 0:08:49]} 36. Rd1 {[%clk 0:07:24]} 36... Rb3 {[%clk 0:06:59]} 37.
Rc3 {[%clk 0:07:00]} 37... Rxc3 {[%clk 0:06:58]} 38. Qxc3 {[%clk 0:05:42]}
38... Rc8 {[%clk 0:07:00]} 39. Qg3 {[%clk 0:05:03]} 39... Qa5 {[%clk 0:05:48]}
40. Be3 {[%clk 0:04:18]} 40... Qa4 {[%clk 0:04:28]} 41. Rd4 {[%clk 0:02:40]}
41... Qa1 {[%clk 0:04:04]} 42. Qf4 {[%clk 0:01:51]} 42... Rb8 {[%clk 0:01:29]}
43. Rd2 {[%clk 0:25:19]} 43... Qf1 {[%clk 0:29:56]} 44. f3 {[%clk 0:24:28]}
44... Rb1 {[%clk 0:29:21]} 45. Kg3 {[%clk 0:24:26]} 45... Bf5 {[%clk 0:21:41]}
46. Bd4 {[%clk 0:22:09]} 46... Rb3 {[%clk 0:15:36]} 47. Bf2 {[%clk 0:19:44]}
47... Qc1 {[%clk 0:14:51]} 48. Rd4 {[%clk 0:18:36]} 48... Qxf4+ {[%clk 0:15:04]
} 49. Kxf4 {[%clk 0:18:51]} 49... f6 {[%clk 0:13:27]} 50. exf6 {[%clk 0:17:41]}
50... gxf6 {[%clk 0:13:52]} 51. Kg3 {[%clk 0:17:47]} 51... Rb5 {[%clk 0:13:43]}
52. Be1 {[%clk 0:17:28]} 52... e5 {[%clk 0:13:32]} 53. Rb4 {[%clk 0:16:41]}
53... Rc5 {[%clk 0:13:38]} 54. Rb2 {[%clk 0:16:53]} 54... d4 {[%clk 0:13:26]}
55. Kf2 {[%clk 0:17:02]} 55... h5 {[%clk 0:13:01]} 56. g4 {[%clk 0:16:28]}
56... hxg4 {[%clk 0:13:25]} 57. hxg4 {[%clk 0:16:53]} 57... Bd3 {[%clk 0:13:12]
} 58. Rd2 {[%clk 0:16:10]} 58... Bb5 {[%clk 0:13:26]} 59. Rb2 {[%clk 0:13:20]}
59... Bc6 {[%clk 0:13:48]} 60. Bd2 {[%clk 0:12:46]} 60... Kg6 {[%clk 0:12:53]}
61. Kg3 {[%clk 0:11:35]} 61... f5 {[%clk 0:11:56]} 62. gxf5+ {[%clk 0:11:58]}
62... Kxf5 {[%clk 0:12:18]} 63. Kf2 {[%clk 0:12:06]} 63... Bd5 {[%clk 0:12:39]}
64. Rb8 {[%clk 0:11:20]} 64... Rc2 {[%clk 0:12:07]} 65. Rf8+ {[%clk 0:11:27]}
65... Ke6 {[%clk 0:11:42]} 66. Ke1 {[%clk 0:11:28]} 66... Ra2 {[%clk 0:08:42]}
67. Re8+ {[%clk 0:10:37]} 67... Kf5 {[%clk 0:08:35]} 68. Rf8+ {[%clk 0:11:00]}
68... Kg6 {[%clk 0:08:48]} 69. Re8 {[%clk 0:09:38]} 69... Kf6 {[%clk 0:08:44]}
70. Rf8+ {[%clk 0:08:20]} 70... Bf7 {[%clk 0:09:07]} 71. Rd8 {[%clk 0:07:53]}
71... Bh5 {[%clk 0:07:55]} 72. Rf8+ {[%clk 0:07:20]} 72... Ke6 {[%clk 0:08:08]}
73. Bh6 {[%clk 0:05:52]} 73... Ra3 {[%clk 0:07:03]} 74. Kf2 {[%clk 0:05:51]}
74... Ra2+ {[%clk 0:05:43]} 75. Ke1 {[%clk 0:06:15]} 75... e4 {[%clk 0:04:45]}
76. fxe4 {[%clk 0:05:22]} 76... Re2+ {[%clk 0:05:10]} 77. Kf1 {[%clk 0:05:47]}
77... Rxe4 {[%clk 0:05:35]} 78. Rd8 d3 79. Kf2 Be2 80. Re8+ 1/2-1/2

[Event "DEM U16 2017"]
[Site "Willingen GER"]
[Date "2017.06.10"]
[Round "9"]
[White "Junker, Magnus"]
[Black "Savchenko, Daniel"]
[Result "1/2-1/2"]
[Termination "normal"]
[Board "7"]
[WhiteElo "1983"]
[BlackElo "2037"]
[WhiteClock "00:24:25"]
[BlackClock "00:27:46"]
[PlyCount "98"]
[WhiteFideId "16218507"]
[BlackFideId "12919195"]
[EventCountry "GER"]
[EventRounds "9"]
[EventType "swiss"]
[EventDate "2017.06.03"]

1. e4 {[%clk 1:30:57]} 1... d5 {[%clk 1:30:54]} 2. exd5 {[%clk 1:31:22]} 2...
Qxd5 {[%clk 1:31:20]} 3. Nc3 {[%clk 1:31:47]} 3... Qd8 {[%clk 1:31:45]} 4. Nf3
{[%clk 1:31:30]} 4... Nf6 {[%clk 1:31:09]} 5. Bc4 {[%clk 1:31:20]} 5... e6 {
[%clk 1:31:16]} 6. O-O {[%clk 1:26:36]} 6... a6 {[%clk 1:31:19]} 7. Re1 { [%clk
1:24:41]} 7... Be7 {[%clk 1:28:59]} 8. a4 {[%clk 1:14:40]} 8... Nc6 { [%clk
1:22:41]} 9. d4 {[%clk 1:10:20]} 9... O-O {[%clk 1:21:57]} 10. Bf4 { [%clk
1:05:16]} 10... Nb4 {[%clk 1:15:19]} 11. Ne4 {[%clk 1:00:43]} 11... b6 { [%clk
1:10:14]} 12. Nxf6+ {[%clk 0:57:31]} 12... Bxf6 {[%clk 1:10:26]} 13. c3 { [%clk
0:57:55]} 13... Nd5 {[%clk 1:10:48]} 14. Bg3 {[%clk 0:56:25]} 14... Bb7 { [%clk
1:10:21]} 15. Bd3 {[%clk 0:55:42]} 15... g6 {[%clk 0:54:26]} 16. Qc2 { [%clk
0:52:05]} 16... Rc8 {[%clk 0:53:36]} 17. h4 {[%clk 0:51:17]} 17... c5 { [%clk
0:50:49]} 18. dxc5 {[%clk 0:46:47]} 18... Rxc5 {[%clk 0:51:03]} 19. Qe2 { [%clk
0:47:06]} 19... a5 {[%clk 0:46:57]} 20. h5 {[%clk 0:45:42]} 20... Ne7 { [%clk
0:41:18]} 21. Rad1 {[%clk 0:44:03]} 21... Qa8 {[%clk 0:41:07]} 22. hxg6 { [%clk
0:43:16]} 22... hxg6 {[%clk 0:41:17]} 23. Be4 {[%clk 0:36:03]} 23... Bxe4
{[%clk 0:40:04]} 24. Qxe4 {[%clk 0:36:25]} 24... Qxe4 {[%clk 0:40:00]} 25. Rxe4
{[%clk 0:36:49]} 25... Rd5 {[%clk 0:39:32]} 26. Rxd5 {[%clk 0:36:05]} 26...
Nxd5 {[%clk 0:39:54]} 27. Be5 {[%clk 0:32:07]} 27... Kg7 {[%clk 0:35:25]} 28.
Rd4 {[%clk 0:27:12]} 28... Rc8 {[%clk 0:29:24]} 29. Kf1 {[%clk 0:25:20]} 29...
Rc5 {[%clk 0:27:36]} 30. Bxf6+ {[%clk 0:23:33]} 30... Kxf6 {[%clk 0:26:35]} 31.
Nd2 {[%clk 0:23:26]} 31... Ke7 {[%clk 0:20:23]} 32. g3 {[%clk 0:21:57]} 32...
Nf6 {[%clk 0:17:52]} 33. Ne4 {[%clk 0:17:36]} 33... Nxe4 {[%clk 0:17:53]} 34.
Rxe4 {[%clk 0:18:01]} 34... Rd5 {[%clk 0:17:56]} 35. Ke2 {[%clk 0:17:55]} 35...
e5 {[%clk 0:16:08]} 36. Rh4 {[%clk 0:16:30]} 36... Rd8 {[%clk 0:14:19]} 37. Rc4
{[%clk 0:15:31]} 37... Ke6 {[%clk 0:11:54]} 38. b4 {[%clk 0:10:20]} 38... f5 {
[%clk 0:10:50]} 39. bxa5 {[%clk 0:07:55]} 39... bxa5 {[%clk 0:11:14]} 40. Rc7 {
[%clk 0:07:50]} 40... Rd7 {[%clk 0:07:42]} 41. Rc8 {[%clk 0:02:16]} 41... f4 {
[%clk 0:03:17]} 42. gxf4 {[%clk 0:29:13]} 42... exf4 {[%clk 0:33:21]} 43. Kf3 {
[%clk 0:29:24]} 43... g5 {[%clk 0:32:30]} 44. c4 {[%clk 0:28:09]} 44... Rd3+ {
[%clk 0:31:02]} 45. Kg4 {[%clk 0:28:14]} 45... Rd2 {[%clk 0:30:03]} 46. Kxg5 {
[%clk 0:25:33]} 46... Rxf2 {[%clk 0:29:33]} 47. Rc5 {[%clk 0:25:21]} 47... Ra2
{[%clk 0:27:10]} 48. Kxf4 {[%clk 0:24:03]} 48... Rxa4 {[%clk 0:27:33]} 49. Ke4
{[%clk 0:24:25]} 49... Kd6 {[%clk 0:27:46]} 1/2-1/2

[Event "DEM U16 2017"]
[Site "Willingen GER"]
[Date "2017.06.10"]
[Round "9"]
[White "Martin, Julian"]
[Black "Wendler, David"]
[Result "1-0"]
[Termination "normal"]
[Board "8"]
[WhiteTitle "FM"]
[WhiteElo "2348"]
[BlackElo "2022"]
[WhiteClock "01:10:18"]
[BlackClock "00:33:15"]
[PlyCount "63"]
[WhiteFideId "12941000"]
[BlackFideId "12938360"]
[EventCountry "GER"]
[EventRounds "9"]
[EventType "swiss"]
[EventDate "2017.06.03"]

1. e4 g6 2. d4 Bg7 3. Nf3 d6 4. Bc4 Nf6 5. Qe2 O-O 6. e5 dxe5 7. dxe5 Nd5 8. h3
Nb6 9. Bb3 Nc6 10. c3 Bf5 11. e6 f6 12. Bf4 Bd3 13. Qd1 Rc8 14. Nbd2 Na5 15.
Bc2 Nac4 16. Nxc4 Bxc4 17. Bb3 Qd5 18. Qxd5 Bxd5 19. O-O-O Rfd8 20. Bxd5 Nxd5
21. Bg3 Bh6+ 22. Kc2 Bf4 23. Rxd5 Rxd5 24. Bxf4 Ra5 25. Rd1 Rxa2 26. Rd7 Ra6
27. Rxe7 c5 28. Bh6 Rac6 29. Rg7+ Kh8 30. e7 Rg8 31. Rxg8+ Kxg8 32. e8=Q# 1-0

[Event "DEM U16 2017"]
[Site "Willingen GER"]
[Date "2017.06.10"]
[Round "9"]
[White "Muckle, Julius"]
[Black "Roseneck, Jonas"]
[Result "1-0"]
[Termination "normal"]
[Board "9"]
[WhiteElo "2303"]
[BlackElo "2173"]
[WhiteClock "00:10:02"]
[BlackClock "00:26:30"]
[PlyCount "61"]
[WhiteFideId "12942430"]
[BlackFideId "12939870"]
[EventCountry "GER"]
[EventRounds "9"]
[EventType "swiss"]
[EventDate "2017.06.03"]

1. d4 {[%clk 1:30:59]} 1... d5 {[%clk 1:30:48]} 2. c4 {[%clk 1:31:23]} 2... e6
{[%clk 1:31:15]} 3. Nf3 {[%clk 1:31:04]} 3... Nf6 {[%clk 1:31:29]} 4. Nc3 {
[%clk 1:31:30]} 4... Bb4 {[%clk 1:31:55]} 5. Qa4+ {[%clk 1:31:55]} 5... Nc6 {
[%clk 1:32:20]} 6. a3 {[%clk 1:32:17]} 6... Bxc3+ {[%clk 1:32:14]} 7. bxc3 {
[%clk 1:32:46]} 7... O-O {[%clk 1:31:30]} 8. Bg5 {[%clk 1:33:06]} 8... h6 {
[%clk 1:23:54]} 9. Bh4 {[%clk 1:33:16]} 9... Bd7 {[%clk 1:23:04]} 10. Qc2 {
[%clk 1:22:27]} 10... Na5 {[%clk 1:20:43]} 11. Ne5 {[%clk 1:04:25]} 11... g5 {
[%clk 1:06:47]} 12. Bg3 {[%clk 1:04:46]} 12... Nxc4 {[%clk 1:07:12]} 13. Nxc4 {
[%clk 1:02:32]} 13... dxc4 {[%clk 1:07:40]} 14. e4 {[%clk 1:02:33]} 14... c5 {
[%clk 1:01:50]} 15. dxc5 {[%clk 0:49:57]} 15... Bc6 {[%clk 0:58:29]} 16. f3 {
[%clk 0:47:57]} 16... b5 {[%clk 0:49:10]} 17. h4 {[%clk 0:37:39]} 17... Nd7 {
[%clk 0:36:42]} 18. Bd6 {[%clk 0:31:26]} 18... Re8 {[%clk 0:36:46]} 19. Qd2 {
[%clk 0:23:07]} 19... Kg7 {[%clk 0:34:22]} 20. hxg5 {[%clk 0:18:30]} 20... Qxg5
{[%clk 0:34:43]} 21. Bf4 {[%clk 0:18:23]} 21... Qxc5 {[%clk 0:31:45]} 22. Be3 {
[%clk 0:14:36]} 22... Qe7 {[%clk 0:30:54]} 23. Bd4+ {[%clk 0:14:54]} 23... f6 {
[%clk 0:29:32]} 24. Qxh6+ {[%clk 0:14:46]} 24... Kg8 {[%clk 0:29:37]} 25. Rh4 {
[%clk 0:11:41]} 25... Kf7 {[%clk 0:29:34]} 26. Rg4 {[%clk 0:11:11]} 26... e5 {
[%clk 0:26:27]} 27. Rg7+ {[%clk 0:11:12]} 27... Ke6 {[%clk 0:26:54]} 28. Rxe7+
{[%clk 0:11:02]} 28... Kxe7 {[%clk 0:27:14]} 29. Bf2 {[%clk 0:10:26]} 29... Rh8
{[%clk 0:26:48]} 30. Qd2 {[%clk 0:09:42]} 30... Rad8 {[%clk 0:26:30]} 31. Rd1 {
[%clk 0:10:02]} 1-0

[Event "DEM U16 2017"]
[Site "Willingen GER"]
[Date "2017.06.10"]
[Round "9"]
[White "Goldbeck, Lars"]
[Black "Kuznecovs, Nikita"]
[Result "1-0"]
[Termination "normal"]
[Board "10"]
[WhiteElo "2197"]
[BlackElo "2030"]
[WhiteClock "00:24:27"]
[BlackClock "00:50:58"]
[PlyCount "69"]
[WhiteFideId "16208188"]
[BlackFideId "11604557"]
[EventCountry "GER"]
[EventRounds "9"]
[EventType "swiss"]
[EventDate "2017.06.03"]

1. d4 {[%clk 1:30:58]} 1... Nf6 {[%clk 1:30:56]} 2. c4 {[%clk 1:31:24]} 2... e6
{[%clk 1:31:23]} 3. Nc3 {[%clk 1:31:52]} 3... Bb4 {[%clk 1:31:49]} 4. f3 {
[%clk 1:32:19]} 4... O-O {[%clk 1:32:13]} 5. a3 {[%clk 1:32:47]} 5... Bxc3+ {
[%clk 1:32:38]} 6. bxc3 {[%clk 1:32:46]} 6... Nh5 {[%clk 1:32:56]} 7. Nh3 {
[%clk 1:31:29]} 7... f5 {[%clk 1:33:20]} 8. e3 {[%clk 1:29:36]} 8... Nc6 {
[%clk 1:33:12]} 9. Bd3 {[%clk 1:29:33]} 9... b6 {[%clk 1:32:41]} 10. O-O {
[%clk 1:29:13]} 10... Ba6 {[%clk 1:32:49]} 11. Qe2 {[%clk 1:22:48]} 11... Nf6 {
[%clk 1:31:47]} 12. e4 {[%clk 1:21:24]} 12... fxe4 {[%clk 1:31:16]} 13. fxe4 {
[%clk 1:20:21]} 13... e5 {[%clk 1:31:40]} 14. Be3 {[%clk 1:14:52]} 14... Qe7 {
[%clk 1:31:05]} 15. Nf2 {[%clk 1:09:25]} 15... Rae8 {[%clk 1:30:12]} 16. a4 {
[%clk 1:07:36]} 16... Na5 {[%clk 1:29:48]} 17. Bg5 {[%clk 0:54:28]} 17... h6 {
[%clk 1:07:34]} 18. Bh4 {[%clk 0:48:21]} 18... g5 {[%clk 1:06:33]} 19. Bg3 {
[%clk 0:44:35]} 19... d6 {[%clk 1:06:50]} 20. c5 {[%clk 0:38:47]} 20... Bc8 {
[%clk 1:06:23]} 21. cxd6 {[%clk 0:37:38]} 21... cxd6 {[%clk 1:06:43]} 22. Rab1
{[%clk 0:36:43]} 22... Qg7 {[%clk 1:06:23]} 23. Bb5 {[%clk 0:34:33]} 23... Re7
{[%clk 1:04:36]} 24. Ba6 {[%clk 0:27:01]} 24... Bd7 {[%clk 1:02:11]} 25. Nd3 {
[%clk 0:26:52]} 25... exd4 {[%clk 0:58:55]} 26. Bxd6 {[%clk 0:26:11]} 26...
Rxe4 {[%clk 0:52:31]} 27. Bxf8 {[%clk 0:25:12]} 27... Rxe2 {[%clk 0:52:24]} 28.
Bxg7 {[%clk 0:25:41]} 28... Kxg7 {[%clk 0:52:53]} 29. cxd4 {[%clk 0:25:09]}
29... Re4 {[%clk 0:50:13]} 30. Rbe1 {[%clk 0:24:34]} 30... Rxd4 {[%clk 0:49:58]
} 31. Re7+ {[%clk 0:24:57]} 31... Kf8 {[%clk 0:50:21]} 32. Rxd7 {[%clk 0:25:05]
} 32... Rxd7 {[%clk 0:50:33]} 33. Rxf6+ {[%clk 0:25:34]} 33... Kg7 { [%clk
0:51:01]} 34. Re6 {[%clk 0:24:51]} 34... Nb3 {[%clk 0:50:58]} 35. Bb5 { [%clk
0:24:27]} 1-0

[Event "DEM U16 2017"]
[Site "Willingen GER"]
[Date "2017.06.10"]
[Round "9"]
[White "Weber, Samuel"]
[Black "Keyser, Robin"]
[Result "1/2-1/2"]
[Termination "normal"]
[Board "11"]
[WhiteElo "2039"]
[BlackElo "1883"]
[WhiteClock "00:03:39"]
[BlackClock "00:21:03"]
[PlyCount "94"]
[WhiteFideId "12924008"]
[BlackFideId "12986429"]
[EventCountry "GER"]
[EventRounds "9"]
[EventType "swiss"]
[EventDate "2017.06.03"]

1. Nf3 {[%clk 1:30:58]} 1... Nf6 {[%clk 1:30:30]} 2. d3 {[%clk 1:31:20]} 2...
d5 {[%clk 1:29:33]} 3. g3 {[%clk 1:31:17]} 3... Nbd7 {[%clk 1:28:25]} 4. Nbd2 {
[%clk 1:31:11]} 4... e5 {[%clk 1:28:20]} 5. e4 {[%clk 1:27:08]} 5... c6 { [%clk
1:24:39]} 6. Bg2 {[%clk 1:26:58]} 6... Bc5 {[%clk 1:24:08]} 7. O-O { [%clk
1:27:06]} 7... O-O {[%clk 1:24:11]} 8. b3 {[%clk 1:23:07]} 8... Re8 { [%clk
1:23:03]} 9. h3 {[%clk 1:21:08]} 9... Nf8 {[%clk 1:22:27]} 10. Bb2 { [%clk
1:20:22]} 10... Ng6 {[%clk 1:22:45]} 11. Qe2 {[%clk 1:15:20]} 11... Bd6 { [%clk
1:14:42]} 12. Rfe1 {[%clk 1:13:54]} 12... h5 {[%clk 1:11:50]} 13. Qe3 { [%clk
1:07:14]} 13... h4 {[%clk 1:08:26]} 14. Nxh4 {[%clk 0:58:49]} 14... Nxh4 {[%clk
1:08:33]} 15. gxh4 {[%clk 0:59:16]} 15... d4 {[%clk 1:02:31]} 16. Qg5 { [%clk
0:57:46]} 16... Bc7 {[%clk 0:59:02]} 17. Nf3 {[%clk 0:50:40]} 17... Bd7 { [%clk
0:53:49]} 18. Kh2 Qc8 19. Bf1 {[%clk 0:38:41]} 19... Re6 {[%clk 0:51:31]} 20.
Be2 {[%clk 0:28:38]} 20... Nh7 {[%clk 0:48:33]} 21. Qd2 {[%clk 0:28:19]} 21...
Rf6 {[%clk 0:43:54]} 22. Rg1 {[%clk 0:28:03]} 22... Bxh3 {[%clk 0:40:46]} 23.
Rg3 {[%clk 0:27:24]} 23... Bg4 {[%clk 0:39:24]} 24. Rag1 {[%clk 0:27:22]} 24...
Rg6 {[%clk 0:38:18]} 25. Ng5 {[%clk 0:22:28]} 25... Bxe2 {[%clk 0:34:26]} 26.
Qxe2 {[%clk 0:22:08]} 26... Nxg5 {[%clk 0:32:11]} 27. hxg5 {[%clk 0:18:21]}
27... Qe6 {[%clk 0:27:42]} 28. Qh5 {[%clk 0:17:15]} 28... Re8 {[%clk 0:26:24]}
29. Rh3 {[%clk 0:13:02]} 29... Kf8 {[%clk 0:26:17]} 30. Ba3+ {[%clk 0:10:54]}
30... Bd6 {[%clk 0:26:39]} 31. Bxd6+ {[%clk 0:11:21]} 31... Qxd6 { [%clk
0:26:59]} 32. Qg4 {[%clk 0:11:47]} 32... Ke7 {[%clk 0:24:59]} 33. Qf5 { [%clk
0:10:00]} 33... Qe6 {[%clk 0:24:28]} 34. Rgg3 {[%clk 0:09:20]} 34... Qxf5
{[%clk 0:24:05]} 35. exf5 {[%clk 0:09:46]} 35... Rd6 {[%clk 0:24:27]} 36. Rh7 {
[%clk 0:09:57]} 36... Rg8 {[%clk 0:24:15]} 37. Rg4 {[%clk 0:09:10]} 37... Rd5 {
[%clk 0:23:57]} 38. Re4 {[%clk 0:09:14]} 38... Kd6 {[%clk 0:23:07]} 39. Kg3 {
[%clk 0:07:53]} 39... Rc5 {[%clk 0:21:23]} 40. Re2 {[%clk 0:08:18]} 40... a5 {
[%clk 0:21:36]} 41. f4 {[%clk 0:06:36]} 41... a4 {[%clk 0:20:28]} 42. fxe5+ {
[%clk 0:05:34]} 42... Rxe5 {[%clk 0:20:50]} 43. Rxe5 {[%clk 0:05:57]} 43...
Kxe5 {[%clk 0:21:16]} 44. Kg4 {[%clk 0:06:13]} 44... axb3 {[%clk 0:21:31]} 45.
axb3 {[%clk 0:06:39]} 45... c5 {[%clk 0:21:47]} 46. Rh1 {[%clk 0:03:34]} 46...
Ra8 {[%clk 0:20:38]} 47. Rh7 {[%clk 0:03:39]} 47... Rg8 {[%clk 0:21:03]}
1/2-1/2